| 000 | 00465nam a2200181Ia 4500 | ||
|---|---|---|---|
| 001 | 18611 | ||
| 005 | 20260306171643.0 | ||
| 008 | 260306s9999||||xx |||||||||||||| ||und|| | ||
| 041 | _aESP | ||
| 082 |
_a658.4092 _bF54C |
||
| 100 |
_aFischman, David _eAUT |
||
| 245 | 0 |
_aCuando el liderazgo no es suficiente: _bdesarrolle su inteligencia cultural en la empresa |
|
| 260 | _c2013 | ||
| 300 |
_a _c |
||
| 650 | _aGEN | ||
| 654 | _aCAN | ||
| 942 |
_cLIB _dJUS _fJUS _2ddc _n |
||
| 999 |
_c18611 _d18611 |
||